000
00271nmm a2200097Ia 4500
008
220120s9999||||xx |||||||||||||||||und||
020
_a
81-7808-312-4
100
_a
LFY Feburary 2010
245
0
_a
Postgrey plus Database connectors, post GIS
260
_a
EFY
_b
New Delhi
_c
2010
999
_c
139461
_d
139461